Vstříc XI. všeodborovému sjezdu

Bibliographic Details
Format: Book
Language:Czech
PhysicalDescription:47 s. sch., tab. 19 cm
Published: [Praha] ÚV KSČ 1987
Edition:[1.vyd.]
Series:Fakta - argumenty
Subjects:

MARC

LEADER 00000nam a2200000 a 4500
001 vtls008183433
003 SK-MaSNL
005 20260311130236.0
008 210928s1987 xr l f 000 0 cze
020 |q (brož.) 
040 |a SNK  |b slo  |c SNK  |e AACR2 
041 0 |a cze 
043 |a e-cs--- 
044 |a xo  |c SK 
072 7 |a 331  |x Práca  |2 konspekt 
080 |a 331.105.44  |2 MDT-MRF 
080 |a (041)  |2 MDT-MRF 
080 |a (437)  |2 MDT-MRF 
245 0 0 |a Vstříc XI. všeodborovému sjezdu 
250 |a [1.vyd.] 
260 |a [Praha]  |b ÚV KSČ  |c 1987 
300 |a 47 s.  |c sch., tab.  |c 19 cm 
490 1 |a Fakta - argumenty 
500 |a Názov z obalu 
650 0 7 |a odbory  |2 SNKPH  |9 2328 
650 0 7 |a programy  |2 SNKPH  |9 3873 
651 7 |a Československo  |2 SNKPHgeo  |9 21376 
655 7 |a brožúry  |2 SNKPH  |9 70146 
830 0 |a Fakta - argumenty  |9 468634 
958 |a OND 
999 |c 733798  |d 735728 
952 |a SNK  |b SNK  |y VYP  |7 0  |p 17A0478296  |o snkSD 58741 D1  |i snkKIP 2936/87  |0 0  |1 0  |4 0  |d 2005-07-11  |l 0  |r 2026-02-23 22:37:10  |w 2026-02-23 
952 |a SNK  |b SNK  |y PREZ  |7 0  |p 17A0475092  |o snkSD 58741  |i snkKIP 2935/87  |0 0  |1 0  |4 0  |d 2005-08-18  |l 0  |r 2026-02-23 22:37:10  |w 2026-02-23